Striving for growth after adjustment : (Record no. 13153)

MARC details
000 -LEADER
fixed length control field 01157pam a2200325 a 4500
001 - CONTROL NUMBER
control field 4415202
003 - CONTROL NUMBER IDENTIFIER
control field 000
005 - DATE AND TIME OF LATEST TRANSACTION
control field 20170717091304.0
007 - PHYSICAL DESCRIPTION FIXED FIELD--GENERAL INFORMATION
fixed length control field 000
008 - FIXED-LENGTH DATA ELEMENTS--GENERAL INFORMATION
fixed length control field 930506s1993 dcua b i000 0 eng
010 ## - LIBRARY OF CONGRESS CONTROL NUMBER
LC control number 93023833
020 ## - INTERNATIONAL STANDARD BOOK NUMBER
Canceled/invalid ISBN 0821324845
040 ## - CATALOGING SOURCE
Original cataloging agency UOEL
Transcribing agency DLC
Modifying agency DLC
043 ## - GEOGRAPHIC AREA CODE
Geographic area code d------
050 00 - LIBRARY OF CONGRESS CALL NUMBER
Classification number HC59.72.S3
Item number S77 1993
082 00 - DEWEY DECIMAL CLASSIFICATION NUMBER
Classification number 338.9/009172/4
Edition number 20
245 00 - TITLE STATEMENT
Title Striving for growth after adjustment :
Remainder of title the role of capital formation /
Statement of responsibility, etc. edited by Luis Serven and Andres Solimano.
260 ## - PUBLICATION, DISTRIBUTION, ETC. (IMPRINT)
Place of publication, distribution, etc. Washington, D.C. :
Name of publisher, distributor, etc. World Bank,
Date of publication, distribution, etc. c1993.
300 ## - PHYSICAL DESCRIPTION
Extent ix, 287 p. :
Other physical details ill. ;
Dimensions 24 cm.
440 #0 - SERIES STATEMENT/ADDED ENTRY--TITLE
Title World Bank regional and sectoral studies
504 ## - BIBLIOGRAPHY, ETC. NOTE
Bibliography, etc Includes bibliographical references.
650 #0 - SUBJECT ADDED ENTRY--TOPICAL TERM
Topical term or geographic name as entry element Saving and investment
Geographic subdivision Developing countries.
Topical term or geographic name as entry element Economic stabilization
Geographic subdivision Developing countries.
Topical term or geographic name as entry element Investments
Geographic subdivision Developing countries.
700 1# - ADDED ENTRY--PERSONAL NAME
Personal name Serven, Luis.
Personal name Solimano, Andrés.
906 ## - LOCAL DATA ELEMENT F, LDF (RLIN)
a 7
b cbc
c orignew
d 1
e ocip
f 19
g y-gencatlg
942 ## - ADDED ENTRY ELEMENTS (KOHA)
Source of classification or shelving scheme Library of Congress Classification
Koha item type SES Book
Holdings
Withdrawn status Lost status Source of classification or shelving scheme Damaged status Not for loan Home library Current library Shelving location Date acquired Total Checkouts Full call number Barcode Date last seen Copy number Price effective from Koha item type
    Library of Congress Classification     UOE Main Library UOE Main Library Open shelf 17/07/2017   HC59.72.S3 S77 1993 20005875 27/04/2026 20005875 17/07/2017 SES Book
    Library of Congress Classification     UOE Main Library UOE Main Library Open shelf 17/07/2017   HC59.72.S3 S77 1993 20005874 27/04/2026 20005874 17/07/2017 SES Book